Highest mountains in europe - Statistics

General Stats
  • This quiz has been taken 69 times
  • The average score is 3 of 25
Answer Stats
Height (ft) Country Mountain name % Correct
15,781 France / Italy Mont Blanc
87%
18,510 Russia Elbrus
78%
14,692 Switzerland / Italy Matterhorn
69%
15,203 Switzerland / Italy Dafourspitze
31%
13,642 Switzerland Jungfrau
15%
13,448 Switzerland Mönch
13%
14,911 Switzerland Dom
9%
14,780 Switzerland Weisshorn
9%
13,806 France / Italy Grandes Jorasses
5%
13,524 France Aiguille Verte
4%
13,934 Switzerland Finsteraarhorn
4%
14,852 Switzerland / Italy Lyskamm
4%
14,734 Switzerland / Italy Taschhorn
4%
13,799 Switzerland Alphubel
2%
13,323 Italy Grand Paradiso
2%
17,060 Russia Shkhara
2%
14,957 Switzerland / Italy Signalkuppe
2%
13,757 Switzerland Aletschhorn
0%
13,458 France Barre des Ecrins
0%
17,073 Russia Dychtau
0%
16,558 Russia Kazbek
0%
13,281 Switzerland Piz Bernina
0%
13,110 Switzerland / Italy Piz Zupò
0%
13,747 Switzerland Strahlhorn
0%
14,970 Switzerland / Italy Zumsteinspitze
0%
No matching quizzes found
Score Distribution
Percent of People with Each Score
Percentile by Number Answered
Your Score History
You have not taken this quiz